| 000 | 00671nam a22001577a 4500 | ||
|---|---|---|---|
| 003 | OSt | ||
| 005 | 20150917110123.0 | ||
| 008 | 150917b xxu||||| |||| 00| 0 eng d | ||
| 040 | _cRUA | ||
| 082 | _aAGR MAM 2004 B030 Or.1 | ||
| 100 |
_9656 _aMAM, ZERDOUK. |
||
| 245 | _aeffect of seedling elapsing time on growth and yield of choulsar rice varity (សិក្សាពីប្រសីទ្ធភាពនៃរយៈពេលផ្អាប់សំណាបទៅលើការលូតលាស់់់ និងទិន្នផលស្រូវពូជជលសារ) | ||
| 260 |
_aPhnom Penh _bRUA _c2004 |
||
| 300 |
_a43p. _bill. _c29cm. |
||
| 942 |
_2ddc _cAGR |
||
| 999 |
_c633 _d633 |
||